| 000 | 00616cam a2200181 i 4500 | ||
|---|---|---|---|
| 001 | 37044 | ||
| 005 | 20230410102144.0 | ||
| 008 | 070322b1975 dr a 000 0 spa | ||
| 041 | 0 | _aspa | |
| 050 | 1 | 4 |
_a118 PQ 7409 _bC422s 1975 |
| 100 | 1 |
_aCestero, Tulio M. _q(Tulio Manuel), _d1877-1955. |
|
| 245 | 1 | 3 |
_aLa sangre : _buna vida bajo la tiranía / _cTulio M. Cestero. |
| 260 |
_aSanto Domingo, República Dominicana : _bEditora de Santo Domingo, _c1975. |
||
| 300 |
_a227 p. ; _c23 cm. |
||
| 440 | 0 |
_aColección de cultura dominicana ; _v8 |
|
| 500 | _aIncludes a reproduction of the original t. p. | ||
| 942 |
_2lcc _cbk |
||
| 999 |
_c20140 _d20140 |
||